| 000 | 00748cam a2200277 4500 | ||
|---|---|---|---|
| 008 | 090401t1992 xxu||||| |||| 00| 0 eng d | ||
| 020 | _a0117527475 | ||
| 035 | _a(Sirsi) u64247 | ||
| 041 | _aeng | ||
| 050 | _a711.1 | ||
| 110 |
_aUnited Kingdom _bDepartment of the Environment _9982 |
||
| 245 | _aPlanning policy guidance: telecommunications. | ||
| 250 | _aRevised ed. | ||
| 260 |
_aLondon _bHMSO _c1992 |
||
| 300 | _a(16)p. ; 30cm. | ||
| 350 | _a3.9 | ||
| 490 |
_aPPG _v8 |
||
| 520 | _aSuperseded by 2001 ed. (ISBN 0117536199) | ||
| 650 | _aDEVELOPMENT CONTROL | ||
| 650 | _aMASTS | ||
| 650 | _aPPG8 | ||
| 690 | _aPLANNING LAW AND PRACTICE | ||
| 710 |
_aUnited Kingdom _bWelsh Office _91214 |
||
| 942 | _n0 | ||
| 948 | _c04/03/1997 | ||
| 999 |
_c94661 _d94661 |
||